01387nam a2200265Ia 4500008004100000020001800041040001800059041000800077100002300085245006500108260003600173300002200209490002300231490002200254504006400276505043400340650005400774650002500828650005100853651005400904651004900958710003601007710002601043710005201069130821s2009 enk gr eng  a9781848131084 aCo-BoUCMbspa00aeng1 aUvin, Peterd1962-10aLife after violence a people's story of BurundicPeter Uvin aLondres (Inglaterra)bZedc2009 axi, 211 páginas 0aAfrican arguments.1 aAfrican arguments aIncludes bibliographical references (p. 190-204) and index.0 aIntroduction. -- A brief political history of Burundi. -- Methodology and location. -- Peace and war as read in Burundi. -- 'If I were in charge here': Burundians on respect, corruption, and the state. -- Hard work and prostitution: the capitalist ethos in crisis. -- 'I want to marry a dynamic girl': changing gender expectations in Burundi (with Kim Howe). -- Justice, silence, and social capital (with Ann Nee). -- Conclusion.04aCorrupciónxHistoriazBurundi (África)y1993-04aHistoria de África04aViolenciaxHistoriazBurundi (África)y1993- 4aBurundi (África Oriental)xCondiciones sociales 4aBurundi (África Oriental)xHistoriay1993-2 aInternational African Institute2 aRoyal African Society2 aSocial Science Research Council (Great Britain)